000 00463nam a2200193Ia 4500
008 101110s9999 xx 000 0 und d
041 _aENGLISH
082 _bSR6433
100 _aRowlands Dorothy Howard
245 _aCoal Yesterday Today Today
365 _b7.5
520 _aEnglish
546 _aENGLISH
630 _aCoal Yesterday Today Today
650 _aEnglish
655 _aEnglish
730 _aCoal Yesterday Today Today
942 _cBOOK
999 _c802312
_d802309